000 01006cab a2200337 4500
001 ABS56179
008 090401t1996 xxu||||| |||| 00| 0 eng d
035 _a(Sirsi) u21748
041 _aeng
245 _aNorth and Scotland: Greater Manchester
260 _c1996
350 _a0
490 _aProperty Week
_v57(6) 8 November 1996, 42-80(13)
650 _aDISTRIBUTION SECTOR
650 _aFASHION SECTOR
650 _aINDUSTRIAL MARKET
650 _aINVESTMENT MARKET
650 _aLAW FIRMS
650 _aMANCHESTER BOMB
650 _aMANCHESTER
650 _aMANUFACTURING SECTOR
650 _aPROPERTY-COMMERCIAL PROPERTY-OFFICE PROPERTY-OFFICE PROPERTY MARKET
650 _aPLANNING ISSUES
650 _aPROPERTY-COMMERCIAL PROPERTY-RETAIL PROPERTY-RETAIL PROPERTY MARKET
650 _aSOUTH MANCHESTER
650 _aTRAFFORD CENTRE
650 _aURBAN SPLASH
690 _aPROPERTY-COMMERCIAL PROPERTY-COMMERCIAL PROPERTY MARKET
942 _n0
948 _c04/03/1997
999 _c14582
_d14582